00909nac a22002411u 4500010001600000020002900016020001500045082001500060090001500075100003400090245008400124250001200208260005100220300002700271500001900298500005200317504005300369505008300422650001600505942001700521999001500538952011400553 a 82019294 a0898745675 (pbk. : v. 1) a034058916700a669bH6361 c4477d4477 aHiggins, Raymond Aurel 10aEngineering metallurgy :Part1 Applied Physical Metallurgy/cRaymond A. Higgins. a6th ed. aMalabar, Fla. :bR.E. Krieger Pub. Co.,c1983. a2 v. :bill. ;c22 cm. aPt. 1, 5th ed. aPt. 2, 2nd ed., c1970, seventh impression 1983. aIncludes bibliographical references and indexes.0 apt. 1. Applied physical metallurgy -- pt. 2. Metallurgical process technology. 0aMetallurgy. cBBk669H6361 c4477d4477 00104070aMAINbMAINc1STd2006-09-07ePurchasel1o669 HIGp000005385r2025-07-15 00:00:00s2014-06-09yBB